Storia del teatro (2 volumi) (Record n. 76480)

Dettagli MARC
000 -LEADER
fixed length control field 01515nam a2200301Ia 4500
001 - CONTROL NUMBER
control field 15327
003 - CONTROL NUMBER IDENTIFIER
control field IT-RoPAU
008 - FIXED-LENGTH DATA ELEMENTS--GENERAL INFORMATION
fixed length control field 130308s9999 xx 000 0 und d
040 ## - CATALOGING SOURCE
Original cataloging agency IT-RoPAU
040 ## - CATALOGING SOURCE
Transcribing agency IT-RoPAU
041 ## - LANGUAGE CODE
Language code of text/sound track or separate title ITALIANO
999 ## - SYSTEM CONTROL NUMBERS (KOHA)
Koha Dewey Subclass [OBSOLETE] SI
100 ## - MAIN ENTRY--PERSONAL NAME
Personal name Ghilardi Fernando
100 ## - MAIN ENTRY--PERSONAL NAME
Miscellaneous information Codice Aut. SPICS: 6130
245 ## - TITLE STATEMENT
Title Storia del teatro (2 volumi)
245 ## - TITLE STATEMENT
Remainder of title Storia del Teatro (2 Volumi)
250 ## - EDITION STATEMENT
Edition statement 1a ed.
260 ## - PUBLICATION, DISTRIBUTION, ETC. (IMPRINT)
Place of publication, distribution, etc. MILANO
260 ## - PUBLICATION, DISTRIBUTION, ETC. (IMPRINT)
Name of publisher, distributor, etc. Vallardi Francesco
260 ## - PUBLICATION, DISTRIBUTION, ETC. (IMPRINT)
Date of publication, distribution, etc. 1961 [1° Ed.:1961 - Ed.Ling.Originale:1961]
300 ## - PHYSICAL DESCRIPTION
Extent "932 p. (prefazione: 46; testo: 886)"
500 ## - GENERAL NOTE
General note Uomini e dei dell'antica Grecia Tecnica e Vita Teatrale Eschilo Sofocle Euripide Aristofane Menandro Genio comico dei romani Andronico Nevio Plauto Terenzio Teatro Cristiano commedia dell'arte Poesia e Tragedia in Shakespeare Italia Patria del melodramma Festività della scena spagnola Miti ed Eroi del Popolo Tedesco Problemi Morali e di Stile in Italia Nuovo Teatro del nord Poeti e tecnici nel dramma Russo Problema dell'uomo nel dramma Franceseinghilterra Fra Shaw ed Eliot Teatro del Novecento proposte del Teatro Italiano Lirismo Dannunziano Illusione di Pirandello Simbolismo ed Espressionismo Tedesco Anima spagnola di Garcia Lorca Poesia e Dollari a Broadway Lirismo dell'India Stilizzazione del dramma Cinese Teatro No e Kabuki in Giappone Bibliografia
650 ## - SUBJECT ADDED ENTRY--TOPICAL TERM
Topical term or geographic name as entry element STORIA DEL TEATRO
650 ## - SUBJECT ADDED ENTRY--TOPICAL TERM
Relator term Codice materia Spics: 8408
942 ## - ADDED ENTRY ELEMENTS (KOHA)
Koha item type LIBRO
957 ## -
-- 1
999 ## - SYSTEM CONTROL NUMBERS (KOHA)
-- 1
Dati di copia
Withdrawn status Lost status Damaged status Not for loan Home library Current library Date acquired Total Checkouts Full call number Date last seen Price effective from Koha item type Public note
    Buone Condizioni Not For Loan SPICS-MEDIATECA SPICS-MEDIATECA 08/03/2013   15327 08/03/2013 08/03/2013 LIBRO Progressivo inserimento: 55356 / N. Volumi: 2 Copie: 1 Copia Rara: SI / data import: 1 marzo 2013 - By Epidotti, Trombetti, Vaglietti.
CREDITS: SOCIETA' SAN PAOLO Via A.Severo, 58 - ROMA (RM) & PERIODICI SAN PAOLO SRL Via Giotto, 36 MILANO & CISF Via Giotto, 36 MILANO & EDIZIONI SAN PAOLO SRL,  Piazza Soncino, 5 CINISELLO BALSAMO (MI) -- ITALY